<?xml version="1.0" encoding="UTF-8"?>
<collection xmlns="http://www.loc.gov/MARC21/slim">
 <record>
  <leader>03084cam a2200637   4500</leader>
  <controlfield tag="001">1171386915</controlfield>
  <controlfield tag="003">DE-627</controlfield>
  <controlfield tag="005">20240316184449.0</controlfield>
  <controlfield tag="007">tu</controlfield>
  <controlfield tag="008">021029s2002    sp |||||      00| ||spa c</controlfield>
  <datafield tag="020" ind1=" " ind2=" ">
   <subfield code="a">8477746249</subfield>
   <subfield code="9">84-7774-624-9</subfield>
  </datafield>
  <datafield tag="024" ind1="3" ind2=" ">
   <subfield code="a">9788477746249</subfield>
  </datafield>
  <datafield tag="035" ind1=" " ind2=" ">
   <subfield code="a">(DE-627)1171386915</subfield>
  </datafield>
  <datafield tag="035" ind1=" " ind2=" ">
   <subfield code="a">(DE-576)101386915</subfield>
  </datafield>
  <datafield tag="035" ind1=" " ind2=" ">
   <subfield code="a">(DE-599)BSZ101386915</subfield>
  </datafield>
  <datafield tag="035" ind1=" " ind2=" ">
   <subfield code="a">(OCoLC)231964897</subfield>
  </datafield>
  <datafield tag="035" ind1=" " ind2=" ">
   <subfield code="a">(OCoLC)50737369</subfield>
  </datafield>
  <datafield tag="040" ind1=" " ind2=" ">
   <subfield code="a">DE-627</subfield>
   <subfield code="b">ger</subfield>
   <subfield code="c">DE-627</subfield>
   <subfield code="e">rakwb</subfield>
  </datafield>
  <datafield tag="041" ind1=" " ind2=" ">
   <subfield code="a">spa</subfield>
  </datafield>
  <datafield tag="044" ind1=" " ind2=" ">
   <subfield code="c">XA-ES</subfield>
  </datafield>
  <datafield tag="050" ind1=" " ind2="0">
   <subfield code="a">N7113.D3</subfield>
  </datafield>
  <datafield tag="084" ind1=" " ind2=" ">
   <subfield code="a">9,11</subfield>
   <subfield code="a">9,10</subfield>
   <subfield code="2">ssgn</subfield>
  </datafield>
  <datafield tag="084" ind1=" " ind2=" ">
   <subfield code="a">LI 24500</subfield>
   <subfield code="2">rvk</subfield>
   <subfield code="0">(DE-625)rvk/95828:</subfield>
  </datafield>
  <datafield tag="084" ind1=" " ind2=" ">
   <subfield code="a">IL 1060</subfield>
   <subfield code="q">BVB</subfield>
   <subfield code="2">rvk</subfield>
   <subfield code="0">(DE-625)rvk/60488:</subfield>
  </datafield>
  <datafield tag="084" ind1=" " ind2=" ">
   <subfield code="a">IM 1270</subfield>
   <subfield code="q">BVB</subfield>
   <subfield code="2">rvk</subfield>
   <subfield code="0">(DE-625)rvk/60926:</subfield>
  </datafield>
  <datafield tag="245" ind1="1" ind2="0">
   <subfield code="a">Dali - lo crudo y lo podrido</subfield>
   <subfield code="c">Juan Antonio Ramirez</subfield>
  </datafield>
  <datafield tag="264" ind1=" " ind2="1">
   <subfield code="a">[Madrid]</subfield>
   <subfield code="b">Antonio Machado Libros</subfield>
   <subfield code="c">2002</subfield>
  </datafield>
  <datafield tag="300" ind1=" " ind2=" ">
   <subfield code="a">152 S.</subfield>
   <subfield code="b">zahlr. Ill.</subfield>
  </datafield>
  <datafield tag="336" ind1=" " ind2=" ">
   <subfield code="a">unbewegtes Bild</subfield>
   <subfield code="b">sti</subfield>
   <subfield code="2">rdacontent</subfield>
  </datafield>
  <datafield tag="337" ind1=" " ind2=" ">
   <subfield code="a">ohne Hilfsmittel zu benutzen</subfield>
   <subfield code="b">n</subfield>
   <subfield code="2">rdamedia</subfield>
  </datafield>
  <datafield tag="338" ind1=" " ind2=" ">
   <subfield code="a">Band</subfield>
   <subfield code="b">nc</subfield>
   <subfield code="2">rdacarrier</subfield>
  </datafield>
  <datafield tag="490" ind1="1" ind2=" ">
   <subfield code="a">La balsa de la Medusa</subfield>
   <subfield code="v">124</subfield>
  </datafield>
  <datafield tag="505" ind1="8" ind2="0">
   <subfield code="a">Includes bibliographical references (p. 137-147)</subfield>
  </datafield>
  <datafield tag="583" ind1="1" ind2=" ">
   <subfield code="a">Archivierung prüfen</subfield>
   <subfield code="c">20200919</subfield>
   <subfield code="f">DE-640</subfield>
   <subfield code="z">1</subfield>
   <subfield code="2">pdager</subfield>
  </datafield>
  <datafield tag="583" ind1="1" ind2=" ">
   <subfield code="a">Archivierung/Langzeitarchivierung gewährleistet</subfield>
   <subfield code="f">SSG</subfield>
   <subfield code="x">XA-DE-BW</subfield>
   <subfield code="2">pdager</subfield>
   <subfield code="5">DE-16</subfield>
  </datafield>
  <datafield tag="600" ind1="1" ind2="0">
   <subfield code="a">Dalí, Salvador</subfield>
   <subfield code="x">Criticism and interpretation</subfield>
  </datafield>
  <datafield tag="650" ind1=" " ind2="0">
   <subfield code="a">Surrealism</subfield>
   <subfield code="x">Spain</subfield>
  </datafield>
  <datafield tag="655" ind1=" " ind2="7">
   <subfield code="a">Bildband</subfield>
   <subfield code="0">(DE-588)4145395-5</subfield>
   <subfield code="0">(DE-627)104450835</subfield>
   <subfield code="0">(DE-576)209741139</subfield>
   <subfield code="2">gnd-content</subfield>
  </datafield>
  <datafield tag="689" ind1="0" ind2="0">
   <subfield code="d">p</subfield>
   <subfield code="0">(DE-588)118523481</subfield>
   <subfield code="0">(DE-627)211538248</subfield>
   <subfield code="0">(DE-576)160667232</subfield>
   <subfield code="a">Dalí, Salvador</subfield>
   <subfield code="d">1904-1989</subfield>
   <subfield code="2">gnd</subfield>
  </datafield>
  <datafield tag="689" ind1="0" ind2=" ">
   <subfield code="5">DE-101</subfield>
  </datafield>
  <datafield tag="689" ind1="1" ind2="0">
   <subfield code="d">p</subfield>
   <subfield code="0">(DE-588)118523481</subfield>
   <subfield code="0">(DE-627)211538248</subfield>
   <subfield code="0">(DE-576)160667232</subfield>
   <subfield code="a">Dalí, Salvador</subfield>
   <subfield code="d">1904-1989</subfield>
   <subfield code="2">gnd</subfield>
  </datafield>
  <datafield tag="689" ind1="1" ind2=" ">
   <subfield code="5">(DE-627)</subfield>
  </datafield>
  <datafield tag="700" ind1="1" ind2=" ">
   <subfield code="a">Ramírez, Juan Antonio</subfield>
   <subfield code="d">1948-2009</subfield>
   <subfield code="0">(DE-588)131933531</subfield>
   <subfield code="0">(DE-627)516181238</subfield>
   <subfield code="0">(DE-576)165494646</subfield>
   <subfield code="4">oth</subfield>
  </datafield>
  <datafield tag="700" ind1="1" ind2=" ">
   <subfield code="a">Dalí, Salvador</subfield>
   <subfield code="d">1904-1989</subfield>
   <subfield code="e">Ill.</subfield>
   <subfield code="0">(DE-588)118523481</subfield>
   <subfield code="0">(DE-627)211538248</subfield>
   <subfield code="0">(DE-576)160667232</subfield>
   <subfield code="4">ill</subfield>
  </datafield>
  <datafield tag="787" ind1="0" ind2="8">
   <subfield code="i">Rezensiert in</subfield>
   <subfield code="a">Méndez Baiges, María Teresa, 1964 - </subfield>
   <subfield code="t">[Rezension von: Juan Antonio Ramírez, Dalí: lo crudo y lo podrido]</subfield>
   <subfield code="d">2003</subfield>
   <subfield code="w">(DE-627)1779104170</subfield>
  </datafield>
  <datafield tag="830" ind1=" " ind2="3">
   <subfield code="a">La balsa de la Medusa</subfield>
   <subfield code="v">124</subfield>
   <subfield code="9">124</subfield>
   <subfield code="w">(DE-627)543785076</subfield>
   <subfield code="w">(DE-576)9543785074</subfield>
   <subfield code="w">(DE-600)2387727-3</subfield>
   <subfield code="7">ns</subfield>
  </datafield>
  <datafield tag="889" ind1=" " ind2=" ">
   <subfield code="w">(DE-627)354993259</subfield>
  </datafield>
  <datafield tag="935" ind1=" " ind2=" ">
   <subfield code="i">mdedup</subfield>
  </datafield>
  <datafield tag="936" ind1="r" ind2="v">
   <subfield code="a">LI 24500</subfield>
   <subfield code="b">Dali, Salvador</subfield>
   <subfield code="k">Kunstgeschichte</subfield>
   <subfield code="k">Künstler-Monografien</subfield>
   <subfield code="k">Alphabetische Künstlerliste</subfield>
   <subfield code="k">Künstler D</subfield>
   <subfield code="k">Dali, Salvador</subfield>
   <subfield code="0">(DE-627)1270640224</subfield>
   <subfield code="0">(DE-625)rvk/95828:</subfield>
   <subfield code="0">(DE-576)200640224</subfield>
  </datafield>
  <datafield tag="936" ind1="r" ind2="v">
   <subfield code="a">IL 1060</subfield>
   <subfield code="b">Geschichte, Sozial- und Kulturgeschichte</subfield>
   <subfield code="k">Romanistik</subfield>
   <subfield code="k">Katalanische Sprache und Literatur</subfield>
   <subfield code="k">Geschichte, Sozial- und Kulturgeschichte</subfield>
   <subfield code="0">(DE-627)1271218011</subfield>
   <subfield code="0">(DE-625)rvk/60488:</subfield>
   <subfield code="0">(DE-576)201218011</subfield>
  </datafield>
  <datafield tag="936" ind1="r" ind2="v">
   <subfield code="a">IM 1270</subfield>
   <subfield code="b">Sozial- und Kulturgeschichte</subfield>
   <subfield code="k">Romanistik</subfield>
   <subfield code="k">Spanische Sprache und Literatur</subfield>
   <subfield code="k">Geschichte</subfield>
   <subfield code="k">Sozial- und Kulturgeschichte</subfield>
   <subfield code="0">(DE-627)1270918435</subfield>
   <subfield code="0">(DE-625)rvk/60926:</subfield>
   <subfield code="0">(DE-576)200918435</subfield>
  </datafield>
  <datafield tag="951" ind1=" " ind2=" ">
   <subfield code="a">BO</subfield>
  </datafield>
  <datafield tag="990" ind1=" " ind2=" ">
   <subfield code="a">Dalí, Salvador</subfield>
  </datafield>
  <datafield tag="990" ind1=" " ind2=" ">
   <subfield code="a">Dalí, Salvador</subfield>
  </datafield>
  <datafield tag="991" ind1=" " ind2=" ">
   <subfield code="a">Rezensiertes Werk</subfield>
  </datafield>
  <datafield tag="999" ind1=" " ind2=" ">
   <subfield code="a">KXP-PPN1171386915</subfield>
   <subfield code="e">4017084834</subfield>
  </datafield>
 </record>
</collection>
